000 00651nam a2200277Ia 4500
005 20260121124506.0
008 008 260114s9999 xx 000 0 eng d
020 _a9780674249547
037 _aEBOOK
040 _aCRL
040 _beng
040 _cCRL
041 _2eng
041 _aeng
084 _qCRL
100 _aCampbell, John
_9976901
245 0 _aCausation in Psychology
260 _bWalter de Gruyter
260 _bWalter de Gruyter
260 _c2020
650 _aPhilosophy
_9976902
856 _uhttp://www.degruyter.com/isbn/9780674249547
942 _cEBOOK
999 _c1554991
_d1554991